[Event "GER-ch Net qual2 U18"]
[Site "Playchess.com INT"]
[Date "2009.05.13"]
[Round "1"]
[White "Hoecher, Michael"]
[Black "Geske, Julian"]
[Result "0-1"]
[WhiteElo "1713"]
[BlackElo "2241"]
[PlyCount "118"]
[EventDate "2009.05.13"]
[EventType "swiss (blitz)"]
[EventRounds "7"]
[EventCountry "GER"]
[SourceTitle "CBM 130 Extra"]
[Source "ChessBase"]
[SourceDate "2009.07.02"]
[SourceVersion "2"]
[SourceVersionDate "2009.07.15"]
[SourceQuality "1"]

1. d4 Nf6 2. c4 g6 3. Nc3 Bg7 4. e4 d6 5. Nf3 0-0 6. Be2 e5 7. dxe5 dxe5 8. 0-0 Nbd7 9. Bg5 h6 10. Bh4 c6 11. Ne1 Qe7 12. f3 Nc5 13. Bf2 Be6 14. b3 Rfd8 15. Qc2 a5 16. Nd3 Nfd7 17. Nxc5 Nxc5 18. Rad1 Bf8 19. Rxd8 Rxd8 20. Rd1 Bc8 21. Rxd8 Qxd8 22. Be3 Ne6 23. Qd2 Qxd2 24. Bxd2 Bc5+ 25. Kf1 h5 26. Bd3 Kf8 27. Ne2 b6 28. Bc3 f6 29. f4 Bd6 30. fxe5 Bxe5 31. Bxe5 fxe5 32. Kf2 Ke7 33. a3 Kf6 34. b4 axb4 35. axb4 c5 36. b5 Nd4 37. Ke3 Kg5 38. Nxd4 exd4+ 39. Kf3 Bg4+ 40. Kf2 Bc8 41. g3 h4 42. gxh4+ Kxh4 43. e5 Kg5 44. Kf3 Bf5 45. Bf1 Bc2 46. Bh3 Bb3 47. Bf1 Kf5 48. Bd3+ Kxe5 49. Bxg6 Bxc4 50. Be8 Bd5+ 51. Ke2 c4 52. Bg6 Be4 53. Bf7 c3 54. Bc4 Kf4 55. Bb3 Bf5 56. h4 d3+ 57. Kf2 Kg4 58. Ke3 Kxh4 59. Bd1 c2 0-1

[Event "GER-ch Net qual2 U18"]
[Site "Playchess.com INT"]
[Date "2009.05.13"]
[Round "4"]
[White "Waidelich, Dominik"]
[Black "Hoecher, Michael"]
[Result "1-0"]
[WhiteElo "1884"]
[BlackElo "1713"]
[PlyCount "53"]
[EventDate "2009.05.13"]
[EventType "swiss (blitz)"]
[EventRounds "7"]
[EventCountry "GER"]
[SourceTitle "CBM 130 Extra"]
[Source "ChessBase"]
[SourceDate "2009.07.02"]
[SourceVersion "2"]
[SourceVersionDate "2009.07.15"]
[SourceQuality "1"]

1. Nf3 Nf6 2. g3 d5 3. Bg2 c6 4. 0-0 Bf5 5. d4 Nbd7 6. Nh4 Bg6 7. Nxg6 hxg6 8. c4 e6 9. Nc3 Bd6 10. e4 dxe4 11. Nxe4 Nxe4 12. Bxe4 Nf6 13. Bg2 Qc7 14. d5 exd5 15. Re1+ Kd7 16. cxd5 Rae8 17. dxc6+ bxc6 18. Rxe8 Rxe8 19. Bf4 Nd5 20. Bxd6 Qxd6 21. Qa4 Kd8 22. Qxa7 Re2 23. Rd1 Qf6 24. Bxd5 Qxf2+ 25. Qxf2 Rxf2 26. Kxf2 cxd5 27. Rxd5+ 1-0

[Event "GER-ch Net qual1 U18"]
[Site "Playchess.com INT"]
[Date "2009.05.10"]
[Round "6"]
[White "Hoecher, Michael"]
[Black "Goetz, Martin"]
[Result "1-0"]
[WhiteElo "1713"]
[BlackElo "2080"]
[PlyCount "115"]
[EventDate "2009.05.10"]
[EventType "swiss (blitz)"]
[EventRounds "7"]
[EventCountry "GER"]
[SourceTitle "CBM 130 Extra"]
[Source "ChessBase"]
[SourceDate "2009.07.02"]
[SourceVersion "2"]
[SourceVersionDate "2009.07.15"]
[SourceQuality "1"]

1. d4 e6 2. Nf3 d5 3. e3 c5 4. c4 Nc6 5. Nc3 Nf6 6. cxd5 exd5 7. dxc5 Bxc5 8. Bd3 0-0 9. Qc2 Bb6 10. 0-0 Nb4 11. Qd1 Bg4 12. Be2 Rc8 13. Bd2 Nc6 14. Rc1 Ne7 15. Nd4 Bxd4 16. Bxg4 Bxc3 17. Bxc3 Rc4 18. Be2 Rh4 19. Bxf6 gxf6 20. g3 Rh6 21. Bd3 Qd6 22. Qf3 Kh8 23. e4 Rg8 24. exd5 Nxd5 25. Bc4 Nb6 26. Bxf7 Rf8 27. Bb3 Qd7 28. Rcd1 Qh3 29. Qg2 Qg4 30. f3 Qg5 31. Qd2 Qc5+ 32. Qd4 Qc6 33. Qf4 Rg6 34. Rd6 Qc5+ 35. Qd4 Qg5 36. Bc2 Rg7 37. Re1 Rfg8 38. Rd8 Qb5 39. Rxg8+ Kxg8 40. Bb3+ Rf7 41. Re7 Qxb3 42. axb3 Rxe7 43. Qxf6 Rf7 44. Qd8+ Kg7 45. f4 Nd7 46. Qc7 Nf6 47. Qe5 h6 48. g4 Kg6 49. Qf5+ Kg7 50. h3 a6 51. g5 Ng8 52. Qe5+ Kg6 53. Qe4+ Kg7 54. gxh6+ Kxh6 55. f5 Rg7+ 56. Kh2 Nf6 57. Qf4+ Kh7 58. Qh4+ 1-0